Построение нечёткой функции интенсивности отказов средствами пакета прикладных программ MathCad; Молодежь и современные информационные технологии; Т. 1

Dettagli Bibliografici
Parent link:Молодежь и современные информационные технологии: сборник трудов XII Всероссийской научно-практической конференции студентов, аспирантов и молодых ученых, г. Томск, 12-14 ноября 2014 г./ Национальный исследовательский Томский политехнический университет (ТПУ), Институт кибернетики (ИК) ; ред. кол. Е. А. Сикора [и др.].— , 2014
Т. 1.— 2014.— [С. 124-125]
Autore principale: Кармачёв Д. П.
Ente Autore: Национальный исследовательский Томский политехнический университет (ТПУ) Институт кибернетики (ИК) Кафедра автоматики и компьютерных систем (АИКС)
Altri autori: Ефремов А. А. Александр Александрович (научный руководитель)
Riassunto:Заглавие с титульного экрана
Lingua:russo
Pubblicazione: 2014
Serie:Математическое моделирование и компьютерный анализ данных
Soggetti:
Accesso online:http://earchive.tpu.ru/handle/11683/20364
http://www.lib.tpu.ru/fulltext/c/2014/C04/V1/054.pdf
Natura: Elettronico Capitolo di libro
KOHA link:https://koha.lib.tpu.ru/cgi-bin/koha/opac-detail.pl?biblionumber=610582

MARC

LEADER 00000naa2a2200000 4500
001 610582
005 20260407161217.0
035 |a (RuTPU)RU\TPU\conf\8197 
035 |a RU\TPU\conf\8193 
090 |a 610582 
100 |a 20150129d2014 k y0rusy50 ca 
101 0 |a rus 
102 |a RU 
135 |a drgn ---uucaa 
181 0 |a i  
182 0 |a b 
200 1 |a Построение нечёткой функции интенсивности отказов средствами пакета прикладных программ MathCad  |f Д. П. Кармачёв  |g науч. рук. А. А. Ефремов 
203 |a Текст  |c электронный 
225 1 |a Математическое моделирование и компьютерный анализ данных 
300 |a Заглавие с титульного экрана 
320 |a [Библиогр.: с. 125 (8 назв.)] 
337 |a Adobe Reader 
461 1 |0 (RuTPU)RU\TPU\conf\7802  |t Молодежь и современные информационные технологии  |o сборник трудов XII Всероссийской научно-практической конференции студентов, аспирантов и молодых ученых, г. Томск, 12-14 ноября 2014 г.  |o в 2 т.  |f Национальный исследовательский Томский политехнический университет (ТПУ), Институт кибернетики (ИК) ; ред. кол. Е. А. Сикора [и др.]  |d 2014 
463 0 |0 (RuTPU)RU\TPU\conf\7790  |t Т. 1  |v [С. 124-125]  |d 2014 
610 1 |a труды учёных ТПУ 
610 1 |a электронный ресурс 
610 1 |a нечеткие функции 
610 1 |a интенсивность 
610 1 |a отказы 
610 1 |a прикладные программы 
610 1 |a MathCAD 
700 1 |a Кармачёв  |b Д. П. 
702 1 |a Ефремов  |b А. А.  |c специалист в области информатики и вычислительной техники  |c ассистент Томского политехнического университета  |f 1980-  |g Александр Александрович  |4 727 
712 0 2 |a Национальный исследовательский Томский политехнический университет (ТПУ)  |b Институт кибернетики (ИК)  |b Кафедра автоматики и компьютерных систем (АИКС)  |3 (RuTPU)RU\TPU\col\18698 
801 2 |a RU  |b 63413507  |c 20210317  |g RCR 
856 4 |u http://earchive.tpu.ru/handle/11683/20364 
856 4 |u http://www.lib.tpu.ru/fulltext/c/2014/C04/V1/054.pdf 
942 |c BK